| 000 | 00509nam a2200169Ia 4500 | ||
|---|---|---|---|
| 999 |
_c14912 _d14912 |
||
| 003 | OSt | ||
| 005 | 20200615102451.0 | ||
| 008 | 190216s9999||||xx |||||||||||||| ||und|| | ||
| 020 | _a9780822351795 | ||
| 040 | _coclc | ||
| 082 |
_a305.420954 _bLOO/S |
||
| 100 |
_aLoomba, Ania _92590 |
||
| 245 | 0 |
_aSouth Asian Feminisms / _cAnia Loomba ; Ritty A Lukose |
|
| 260 |
_bDuke University Press, _c2012. _aLondon: |
||
| 300 | _a422p | ||
| 942 |
_cBK _2ddc _h305.420954 _iLOO/S _k305.420954 _mLOO/S |
||